| 000 | 00941cam a2200157 4500500 | ||
|---|---|---|---|
| 005 | 20260111090635.0 | ||
| 041 | _afre | ||
| 042 | _adc | ||
| 100 | 1 | 0 |
_aLanghade, Jacques _eauthor |
| 245 | 0 | 0 | _aAverroès. L’Islam et la raison. Anthologie de textes juridiques, théologiques et politiques. Traduction de Marc Geoffroy, précédée de Pour Averroès, par Alain de Libera. GF/Flammarion, 2000, 226 pages, 7 € |
| 260 | _c2003. | ||
| 500 | _a39 | ||
| 520 | _aRésuméPrendre en charge le « Dieu Sauvage », c’est ce que firent, avec des moyens différents, Gauguin et Van Gogh, Rimbaud et Claudel, Segalen et Saint-John Perse. Ces enfants hallucinés furent confrontés à la grande crise des rhétoriques occidentales et de la raison des terriens... | ||
| 786 | 0 | _nÉtudes | 399 | 10 | 2003-10-01 | p. 413zf-430zf | 0014-1941 | |
| 856 | 4 | 1 | _uhttps://shs.cairn.info/revue-etudes-2003-10-page-413zf?lang=fr&redirect-ssocas=7080 |
| 999 |
_c1619311 _d1619311 |
||